000 00862cam a2200241 a 4500
001 4049238
005 20180315104609.0
008 990506s1999 tnu 000 0 eng
010 _a 99031420
020 _a0785274405
040 _aDLC
_cDLC
_dDLC
041 _aeng
080 _a158/.4
082 0 0 _a158/.4 JOH
_221
100 1 _a48
101 _aPSI
245 1 4 _aThe 21 indispensable qualities of a leader :
_cJohn C. Maxwell.
246 3 _aTwenty one indispensable qualities of a leader
906 _a7
_bcbc
_corignew
_d1
_eocip
_f19
_gy-gencatlg
942 _2ddc
_cBK
999 _c45177
_d45177